Exploradores emocionales : (Registro nro. 35916)

Detalles MARC
000 -CABECERA
Longitud fija campo de control 01116nam a2200277 a 4500
003 - • IDENTIFICADOR DELl NÚMERO DE CONTROL
Identificador del número de control CO-ViMGA
005 - • FECHA Y HORA DE LA ÚLTIMA TRANSACCIÓN
Fecha y hora de la última transacción 20230915233143.0
008 - • CÓDIGOS DE INFORMACIÓN DE LONGITUD FIJA
Códigos de información de longitud fija 140929s2013 sp a gr 00011 spa d
040 ## - FUENTE DE LA CATALOGACIÓN
Centro catalogador de origen CO-ViMGA
Lengua de catalogación spa
Centro transcriptor CO-ViMGA
082 04 - • NÚMERO DE LA CLASIFICACIÓN DECIMAL DEWEY
Número de clasificación (R) I030
Número del ítem C65e1
Número de edición 19
100 1# - • PUNTO DE ACCESO PRINCIPAL-NOMBRE DE PERSONA
Nombre de persona Conangla, Maria Mercè.
245 10 - • TITULO PROPIAMENTE DICHO
Título Exploradores emocionales :
Resto del título un planteamiento creativo para gestionar las emociones /
Mención de responsabilidad, etc. Maria Merce Conangla, Jaume Soler ; ilustraciones Paloma Valdivia.
250 ## - • MENCIÓN DE EDICIÓN
Mención de edición Edición Cristina Vilella.
300 ## - • DESCRIPCIÓN FÍSICA
Extensión 63 páginas :
Otras características físicas ilustraciones ;
Dimensiones 25 cm.
490 1# - • MENCIÓN DE SERIE
Mención de serie Ecología emocional
650 14 - • PUNTO DE ACCESO ADICIONAL DE MATERIA - TÉRMINO DE MATERIA
Término de materia o nombre geográfico como elemento inicial Emociones
Subdivisión de materia general Preguntas y repuestas
-- Literatura infantil.
650 14 - • PUNTO DE ACCESO ADICIONAL DE MATERIA - TÉRMINO DE MATERIA
Término de materia o nombre geográfico como elemento inicial Expediciones científicas
Subdivisión de materia general Preguntas y repuestas
-- Literatura infantil.
650 14 - • PUNTO DE ACCESO ADICIONAL DE MATERIA - TÉRMINO DE MATERIA
Término de materia o nombre geográfico como elemento inicial Viajes
Subdivisión de materia general Preguntas y repuestas
-- Literatura infantil.
700 1# - • PUNTO DE ACCESO ADICIONAL - NOMBRE DE PERSONA
Nombre de persona Soler, Jaume.
700 1# - • PUNTO DE ACCESO ADICIONAL - NOMBRE DE PERSONA
Nombre de persona Valdivia, Paloma,
Término indicativo de función ilustradora.
700 1# - • PUNTO DE ACCESO ADICIONAL - NOMBRE DE PERSONA
Nombre de persona Vilella, Cristina,
Término indicativo de función editora.
942 ## - ENTRADA DE ELEMENTOS AGREGADOS (KOHA)
Fuente de clasificaión o esquema Dewey Decimal Classification
Koha [por defecto] tipo de item LIbro
Existencias
Perdido Fuente de clasificación o esquema Estado Físico No para préstamo Forma de adquisición Localización permanente Localización actual Fecha adquisición Préstamos totales Signatura completa Código de barras Fecha última consulta Número de copia Fecha del precio de reemplazo Tipo de item de Koha
  Dewey Decimal Classification     Sala General Segundo Piso Biblioteca Pública Germán Arciniegas - Villavicencio Biblioteca Pública Germán Arciniegas - Villavicencio 09/02/2016   I030 C65e1 31023 06/13/2019 ]Ej. 1 09/02/2016 LIbro









Instituto Departamental de Cultura del Meta - Red Departamental de Bibliotecas Públicas del Meta.